[Event "International Tournament "]
[Site "Pool "]
[Date "2021.07.10"]
[Round "3.27"]
[White "Sahin, Ozgun"]
[Black "Radovanovic, Nikola"]
[Result "1/2-1/2"]
[WhiteElo "2269"]
[BlackElo "2395"]
[PlyCount "38"]
[EventDate "2021.07.09"]

1. e4 c5 2. Nf3 Nc6 3. d4 cxd4 4. Nxd4 Nf6 5. Nc3 d6 6. Be2 e6 7. Be3 Be7 8.
O-O O-O 9. f4 Bd7 10. Qd2 Nxd4 11. Bxd4 Bc6 12. Bf3 Qc7 13. f5 e5 14. Be3 b5
15. Nd5 Bxd5 16. exd5 Nd7 17. Be2 Rab8 18. Rf3 Rfc8 19. c3 a5 1/2-1/2

[Event "International Tournament "]
[Site "Pool "]
[Date "2021.07.10"]
[Round "3.28"]
[White "Mullick, Raahil"]
[Black "Maksimenko, Viktor"]
[Result "1-0"]
[WhiteElo "2386"]
[BlackElo "2239"]
[PlyCount "45"]
[EventDate "2021.07.09"]

1. e4 d6 2. d4 Nf6 3. Nc3 e5 4. Nf3 Nbd7 5. Be2 Be7 6. O-O O-O 7. Re1 c6 8. Bf1
Qc7 9. a4 a5 10. b3 Re8 11. Ba3 Bf8 12. Qd2 exd4 13. Nxd4 Nc5 14. f3 b6 15.
Rad1 Bb7 16. Nf5 Rad8 17. Bb2 Bc8 18. Qg5 Ne6 19. Qh4 Nc5 20. Ne2 Nfxe4 21.
fxe4 Rxe4 22. Nh6+ Kh8 23. Qxd8 1-0

[Event "International Tournament "]
[Site "Pool "]
[Date "2021.07.10"]
[Round "3.29"]
[White "Phatak, Aanjaneya"]
[Black "Gajic, Mladen"]
[Result "1-0"]
[WhiteElo "1769"]
[BlackElo "2352"]
[PlyCount "31"]
[EventDate "2021.07.09"]

1. e4 Nf6 2. e5 Nd5 3. d4 d6 4. Nf3 Nc6 5. c4 Nb6 6. exd6 cxd6 7. d5 Ne5 8.
Nxe5 dxe5 9. a4 a5 10. c5 Nd7 11. Bb5 Qc7 12. Be3 g6 13. Nc3 Bg7 14. d6 Qb8 15.
Nd5 exd6 16. Nb6 1-0

[Event "International Tournament "]
[Site "Pool "]
[Date "2021.07.10"]
[Round "3.30"]
[White "Grieve, Harry"]
[Black "Skonnord, Uno"]
[Result "1-0"]
[WhiteElo "2351"]
[BlackElo "2112"]
[PlyCount "57"]
[EventDate "2021.07.09"]

1. e4 c5 2. Nf3 g6 3. d4 cxd4 4. Nxd4 Bg7 5. c4 Nc6 6. Be3 Nf6 7. Nc3 Ng4 8.
Qxg4 Nxd4 9. Qd1 Ne6 10. Rc1 Qa5 11. Be2 b6 12. O-O Bb7 13. f3 h5 14. Rf2 Rc8
15. Bf1 g5 16. Rd2 d6 17. Nd5 Bxd5 18. cxd5 Rxc1 19. Qxc1 Nd8 20. Bxg5 Qc5+ 21.
Qxc5 bxc5 22. Bb5+ Kf8 23. Kf1 Bh6 24. Bxh6+ Rxh6 25. Rd3 f5 26. exf5 Nf7 27.
Ra3 Ne5 28. Rxa7 Rf6 29. a4 1-0

[Event "International Tournament "]
[Site "Pool "]
[Date "2021.07.10"]
[Round "3.31"]
[White "Ter-Sahakyan, Samvel"]
[Black "Ozdemir, Serhan Berat"]
[Result "1-0"]
[WhiteElo "2643"]
[BlackElo "2191"]
[PlyCount "85"]
[EventDate "2021.07.09"]

1. e4 c5 2. Nf3 e6 3. d4 cxd4 4. Nxd4 a6 5. c4 Nf6 6. Nc3 Qc7 7. Be2 b6 8. O-O
Bb7 9. Qd3 d6 10. f4 Nbd7 11. b4 Be7 12. Bd2 O-O 13. Rac1 Rac8 14. g4 Qd8 15.
g5 Ne8 16. a3 g6 17. Qg3 e5 18. Nf3 Ng7 19. f5 gxf5 20. exf5 Nxf5 21. Qh3 Ng7
22. Bd3 f5 23. gxf6 Nxf6 24. Ng5 h5 25. Bf5 Kh8 26. Bxc8 Qxc8 27. Qxc8 Bxc8 28.
Nd5 Bd8 29. c5 bxc5 30. bxc5 Nf5 31. Nxf6 Rxf6 32. Rb1 Bc7 33. cxd6 Bxd6 34.
Ne4 Rg6+ 35. Kf2 Be7 36. Bc3 Nd4 37. Rb8 Rg8 38. Ke3 Rd8 39. Bxd4 exd4+ 40. Kd2
Bxa3 41. Rf7 Bf8 42. Rc7 Bh6+ 43. Kd3 1-0

[Event "International Tournament "]
[Site "Pool "]
[Date "2021.07.10"]
[Round "3.32"]
[White "Suleymanli, Aydin"]
[Black "Radisavljevic, Dalibor"]
[Result "1/2-1/2"]
[WhiteElo "2563"]
[BlackElo "2186"]
[PlyCount "45"]
[EventDate "2021.07.09"]

1. d4 Nf6 2. c4 c5 3. d5 e6 4. Nc3 exd5 5. cxd5 d6 6. e4 g6 7. f4 Bg7 8. Nf3
O-O 9. Be2 Re8 10. e5 dxe5 11. fxe5 Ng4 12. e6 fxe6 13. d6 Bd7 14. Ng5 Ne5 15.
Nge4 Nbc6 16. O-O Nd4 17. Bg5 Qb6 18. Be7 Nf5 19. Bf6 Rf8 20. Bxg7 Kxg7 21. Qe1
c4+ 22. Kh1 Qe3 23. b3 1/2-1/2

[Event "International Tournament "]
[Site "Pool "]
[Date "2021.07.10"]
[Round "3.33"]
[White "Iskandarov, Misratdin"]
[Black "Zhukov, Anton"]
[Result "1/2-1/2"]
[WhiteElo "2533"]
[BlackElo "2174"]
[PlyCount "95"]
[EventDate "2021.07.09"]

1. c4 Nf6 2. g3 g6 3. Bg2 Bg7 4. Nc3 O-O 5. d4 d6 6. Nf3 Nbd7 7. O-O e5 8. e4
exd4 9. Nxd4 Re8 10. b3 a6 11. Re1 Rb8 12. h3 c5 13. Nc2 Qa5 14. Bd2 Qc7 15. a4
Ne5 16. Bg5 h6 17. Be3 Be6 18. f4 Nc6 19. Qd2 Qa5 20. Nd5 Qxd2 21. Bxd2 Nd7 22.
Ra2 Bxd5 23. cxd5 Nd4 24. Nxd4 Bxd4+ 25. Kh2 f5 26. exf5 Rxe1 27. Bxe1 Re8 28.
Bf2 Bxf2 29. Rxf2 gxf5 30. g4 fxg4 31. hxg4 Nf6 32. Kh3 b5 33. Kh4 Re3 34. axb5
axb5 35. g5 hxg5+ 36. Kxg5 Kf7 37. Ra2 c4 38. bxc4 bxc4 39. Ra7+ Re7 40. Ra6
Ne8 41. Rc6 Rc7 42. f5 c3 43. Be4 Rxc6 44. dxc6 Ke7 45. Bc2 d5 46. Kg6 Nd6 47.
f6+ Kd8 48. f7 1/2-1/2

[Event "International Tournament "]
[Site "Pool "]
[Date "2021.07.10"]
[Round "3.34"]
[White "Stoinev, Metodi"]
[Black "Polschikov, Alexey"]
[Result "0-1"]
[WhiteElo "2212"]
[BlackElo "2420"]
[PlyCount "60"]
[EventDate "2021.07.09"]

1. e4 c5 2. Nf3 d6 3. d4 cxd4 4. Qxd4 Nc6 5. Qe3 Nf6 6. c4 g6 7. Be2 Bg7 8. O-O
O-O 9. Nc3 Ng4 10. Qd3 Nge5 11. Nxe5 dxe5 12. Rd1 Qxd3 13. Bxd3 Rd8 14. Be3 Be6
15. Rac1 Rac8 16. b3 Kf8 17. f3 Nd4 18. Kf2 h5 19. Nd5 Bxd5 20. cxd5 e6 21.
dxe6 fxe6 22. Bg5 Re8 23. Bc4 Kf7 24. b4 Bf8 25. a3 a5 26. Bd2 axb4 27. axb4
Red8 28. b5 Ba3 29. Bg5 Bxc1 30. Rxc1 Rd7 0-1

[Event "International Tournament "]
[Site "Pool "]
[Date "2021.07.10"]
[Round "3.35"]
[White "Kosic, Dragan"]
[Black "Djukic, Sandra"]
[Result "1-0"]
[WhiteElo "2419"]
[BlackElo "2172"]
[Annotator "Balkanchess"]
[PlyCount "42"]
[EventDate "2021.07.09"]

1. d4 d5 2. Nf3 Nf6 3. c4 dxc4 4. e3 Bg4 5. Bxc4 e6 6. Nbd2 a6 7. h3 Bh5 8. O-O
Nc6 9. Be2 Bd6 10. b3 O-O 11. Bb2 Qe7 12. Nc4 Rad8 13. Rc1 Rfe8 14. a3 Ne4 15.
b4 Nb8 16. Qc2 Nf6 17. Rfd1 Nbd7 18. Na5 Rb8 19. Ne5 Bxe2 20. Qxe2 Nd5 21. Nd3
c6 {...49} 1-0

[Event "International Tournament "]
[Site "Pool "]
[Date "2021.07.10"]
[Round "3.36"]
[White "Milosevic, Milos"]
[Black "Rowe, Duane"]
[Result "1/2-1/2"]
[WhiteElo "2396"]
[BlackElo "2157"]
[PlyCount "58"]
[EventDate "2021.07.09"]

1. e4 c5 2. Nc3 e6 3. Nge2 Nc6 4. g3 d5 5. exd5 exd5 6. d4 Bg4 7. Bg2 cxd4 8.
Nxd5 Bc5 9. h3 Bf5 10. g4 Be6 11. Ndf4 Nge7 12. Nxe6 fxe6 13. Nf4 Qd6 14. Nd3
O-O 15. Nxc5 Qxc5 16. O-O Nd5 17. Qe2 Rae8 18. a3 a5 19. Qe4 Nf6 20. Qd3 Ne5
21. Qg3 Ng6 22. c3 Nd5 23. cxd4 Qxd4 24. Be3 Qxb2 25. Bxd5 exd5 26. Rab1 Qxa3
27. Rxb7 Re7 28. Rb5 Qd3 29. Rxa5 Rd7 1/2-1/2

[Event "International Tournament "]
[Site "Pool "]
[Date "2021.07.10"]
[Round "3.37"]
[White "Pranav, V."]
[Black "Karisik, Nenad"]
[Result "1-0"]
[WhiteElo "2366"]
[BlackElo "2144"]
[PlyCount "89"]
[EventDate "2021.07.09"]

1. e4 e5 2. Nf3 Nc6 3. Bb5 a6 4. Ba4 Nf6 5. O-O Be7 6. d3 b5 7. Bb3 d6 8. c3
O-O 9. Re1 Na5 10. Bc2 c5 11. Nbd2 Be6 12. Nf1 h6 13. Ng3 Re8 14. h3 Qc7 15.
Nh4 Bf8 16. Qf3 Kh7 17. Nhf5 Ng8 18. Ne3 g6 19. Ne2 Bg7 20. Qg3 Nf6 21. f4 Nh5
22. Qf3 Nxf4 23. Nxf4 exf4 24. Qxf4 Nc6 25. Bd2 Ne7 26. Rf1 Rac8 27. Rae1 Qd8
28. Bd1 d5 29. Bg4 d4 30. cxd4 cxd4 31. Nd1 Rc2 32. Re2 Nc6 33. Bxe6 fxe6 34.
Ba5 Qxa5 35. Rxc2 Ne5 36. b4 Qxb4 37. Nf2 Rf8 38. Qg3 h5 39. h4 Ng4 40. a3 Qb3
41. Rc7 Nxf2 42. Qe5 Rg8 43. Rxf2 Qd1+ 44. Kh2 Qg4 45. Rf4 1-0

[Event "International Tournament "]
[Site "Pool "]
[Date "2021.07.10"]
[Round "3.38"]
[White "Shpanko, Nadiia"]
[Black "Baglan, Esat"]
[Result "1/2-1/2"]
[WhiteElo "2203"]
[BlackElo "2359"]
[Annotator "Balkanchess"]
[PlyCount "41"]
[EventDate "2021.07.09"]

1. e4 c5 2. c3 e6 3. Nf3 a6 4. d4 d5 5. exd5 exd5 6. Bd3 c4 7. Bc2 Bd6 8. O-O
Ne7 9. b3 b5 10. h3 O-O 11. Nbd2 Nbc6 12. Re1 f6 13. Nh4 g5 14. Nhf3 Bf5 15.
Bxf5 Nxf5 16. a4 Qd7 17. Ba3 Bxa3 18. Rxa3 Rae8 19. axb5 axb5 20. Rxe8 Rxe8 21.
Qa1 {...48} 1/2-1/2

[Event "International Tournament "]
[Site "Pool "]
[Date "2021.07.10"]
[Round "3.40"]
[White "Nogerbek, Kazybek"]
[Black "Mamedov, Edgar"]
[Result "1/2-1/2"]
[WhiteElo "2328"]
[BlackElo "2129"]
[Annotator "Balkanchess"]
[PlyCount "111"]
[EventDate "2021.07.09"]

1. d4 d5 2. Nf3 Nf6 3. Bf4 Bf5 4. e3 e6 5. Bd3 Bxd3 6. Qxd3 Nbd7 7. Nbd2 Be7 8.
O-O O-O 9. e4 dxe4 10. Nxe4 Nd5 11. Bd2 c5 12. c4 N5f6 13. Bc3 cxd4 14. Qxd4
Qc7 15. b3 Rfd8 16. Qe3 Nxe4 17. Qxe4 Bf6 18. Bxf6 Nxf6 19. Qe2 Rd6 20. h3 Rad8
21. Rad1 h6 22. Rxd6 Qxd6 23. Rc1 b6 24. Ne5 Qc5 25. Re1 a5 26. g3 Rd4 27. Qf3
Rd2 28. a3 Qd4 29. b4 axb4 30. axb4 Rc2 31. Qe3 Qxe3 32. Rxe3 Ne8 33. Re4 f6
34. Nd7 e5 35. Nxb6 Nd6 36. Re1 Nxc4 37. Nxc4 Rxc4 38. Rb1 Rc6 39. b5 Rb6 40.
f4 exf4 41. gxf4 Kf7 42. Kf2 Ke6 43. Kf3 f5 44. Re1+ Kf6 45. Re5 g5 46. Rc5 Ke6
47. Ke3 Kf6 48. Kf2 Ke6 49. h4 g4 50. h5 Kf6 51. Ke3 Re6+ 52. Kd3 Rd6+ 53. Kc2
g3 54. Rc3 Rb6 55. Rxg3 Rxb5 56. Kc3 {...72} 1/2-1/2

[Event "International Tournament "]
[Site "Pool "]
[Date "2021.07.10"]
[Round "3.41"]
[White "Efremov, Vladislav"]
[Black "Stankovic, Milos M"]
[Result "1/2-1/2"]
[WhiteElo "2173"]
[BlackElo "2327"]
[PlyCount "50"]
[EventDate "2021.07.09"]

1. d4 d6 2. c4 f5 3. Nc3 Nf6 4. Bg5 g6 5. e3 Bg7 6. Nf3 O-O 7. Qc2 Na6 8. Be2
c6 9. h4 Qc7 10. a3 e5 11. Bxf6 Bxf6 12. h5 Qf7 13. hxg6 hxg6 14. O-O-O Kg7 15.
Rh2 Rh8 16. Rxh8 Kxh8 17. dxe5 dxe5 18. g4 fxg4 19. Nh2 Bf5 20. e4 Be6 21. Nxg4
Bg7 22. Qd2 Rf8 23. Kc2 Qf4 24. Qxf4 Rxf4 25. f3 Bxg4 1/2-1/2

[Event "International Tournament "]
[Site "Pool "]
[Date "2021.07.10"]
[Round "3.42"]
[White "Yordanov, Lachezar"]
[Black "Garabetyan, Arno"]
[Result "1-0"]
[WhiteElo "2325"]
[BlackElo "2096"]
[PlyCount "103"]
[EventDate "2021.07.09"]

1. d4 Nf6 2. c4 e6 3. Nc3 Bb4 4. e3 O-O 5. Nf3 c5 6. Bd3 d5 7. cxd5 Nxd5 8. Bd2
cxd4 9. exd4 Nf6 10. O-O Nc6 11. Bg5 Be7 12. Rc1 Nb4 13. Bb1 Bd7 14. Ne5 Bc6
15. a3 Nbd5 16. Nxc6 bxc6 17. Qd3 g6 18. Na4 Qd6 19. Qg3 Rfd8 20. Rfd1 Rab8 21.
b4 Kg7 22. Nc5 h6 23. Bd2 Qxg3 24. hxg3 Ne8 25. Nd3 Bf6 26. Ne5 Bxe5 27. dxe5
Ne7 28. Be3 Rxd1+ 29. Rxd1 Nd5 30. Bd4 Nec7 31. Rc1 Nb5 32. Bb2 a5 33. bxa5
Nbc3 34. Bxc3 Nxc3 35. Bd3 Rb3 36. Ra1 Nb5 37. Bf1 Na7 38. a6 Kf8 39. Bc4 Rb8
40. g4 Ke7 41. f4 Rb2 42. Rc1 Rb6 43. Kf2 Rb8 44. Ke3 c5 45. Bd3 Rc8 46. Be4
Rc7 47. a4 c4 48. Kd4 c3 49. Rxc3 Rxc3 50. Kxc3 Kd8 51. Bb7 Kc7 52. Kb4 1-0

[Event "International Tournament "]
[Site "Pool "]
[Date "2021.07.10"]
[Round "3.43"]
[White "Kurmangaliyeva, Liya"]
[Black "Gokcek, Kursat Bugra"]
[Result "1-0"]
[WhiteElo "2322"]
[BlackElo "2089"]
[PlyCount "76"]
[EventDate "2021.07.09"]

1. e4 c5 2. Nf3 e6 3. d4 cxd4 4. Nxd4 Nc6 5. Nc3 Qc7 6. g3 a6 7. Bg2 Nf6 8. O-O
Nxd4 9. Qxd4 Bc5 10. Bf4 d6 11. Qd2 h6 12. Rad1 e5 13. Be3 Bb4 14. Nb5 axb5 15.
Qxb4 Rxa2 16. Qxb5+ Bd7 17. Qb3 Be6 18. Qb5+ Bd7 19. Qb4 Ra6 20. h3 O-O 21. Rd2
b5 22. Rfd1 Rfa8 23. Kh2 Ne8 24. b3 Ra1 25. Rxa1 Rxa1 26. f4 Re1 27. Bf2 Rc1
28. fxe5 dxe5 29. Qe7 Bc6 30. Qa3 Rb1 31. Qa2 Nf6 32. Qxb1 Nxe4 33. Qh1 Nxd2
34. Bxc6 e4 35. Bxe4 h5 36. Bd3 g6 37. Qa8+ Kh7 38. Bd4 Qxg3+ 1-0

[Event "International Tournament "]
[Site "Pool "]
[Date "2021.07.10"]
[Round "3.44"]
[White "Ferey, Antonin"]
[Black "Pasti, Aron"]
[Result "1/2-1/2"]
[WhiteElo "2148"]
[BlackElo "2318"]
[PlyCount "73"]
[EventDate "2021.07.09"]

1. d4 d5 2. c4 e6 3. Nf3 Nf6 4. Nc3 dxc4 5. e4 b5 6. e5 Nd5 7. Nxb5 Nb6 8. Be2
Nc6 9. h4 Bb7 10. Nc3 h6 11. h5 Be7 12. Rh3 Qd7 13. Rg3 Kf8 14. Kf1 Nb4 15. a3
N4d5 16. Ne4 Rb8 17. Qc2 Ba6 18. Nc5 Bxc5 19. dxc5 Qa4 20. Qe4 Nd7 21. Qg4 Nxc5
22. Qxg7+ Ke7 23. Bxh6 Rhg8 24. Qxg8 Rxg8 25. Rxg8 c3 26. Bg5+ Kd7 27. Bxa6
cxb2 28. Rb1 Qxa6+ 29. Kg1 Na4 30. h6 Qd3 31. Rxb2 Nxb2 32. Rg7 Qd1+ 33. Kh2
Nd3 34. Rxf7+ Kc6 35. Bh4 Qc1 36. Bg5 Qd1 37. Bh4 1/2-1/2

[Event "International Tournament "]
[Site "Pool "]
[Date "2021.07.10"]
[Round "3.45"]
[White "Barseghyan, Armen Ar"]
[Black "Stankovic, Boris"]
[Result "1/2-1/2"]
[WhiteElo "2316"]
[BlackElo "2084"]
[PlyCount "102"]
[EventDate "2021.07.09"]

1. d4 Nf6 2. c4 g6 3. Nc3 Bg7 4. e4 d6 5. Nf3 O-O 6. Be2 e5 7. O-O exd4 8. Nxd4
Re8 9. f3 Nc6 10. Be3 Nh5 11. Qd2 Nf4 12. Rfd1 Ne6 13. Nc2 f5 14. exf5 gxf5 15.
Bf1 Ne5 16. Re1 Bd7 17. Rad1 Bc6 18. Nd5 Qh4 19. b3 f4 20. Bf2 Qh5 21. Kh1 Kh8
22. Ncb4 Rf8 23. Nd3 Nxd3 24. Qxd3 Be5 25. Nb4 a5 26. Nxc6 bxc6 27. c5 Qf5 28.
cxd6 cxd6 29. Qxf5 Rxf5 30. Bc4 Rf6 31. Bh4 Rh6 32. Be7 Ng7 33. Bf7 Nf5 34. Bg5
Kg7 35. Bxh6+ Kxf7 36. Bg5 h6 37. g4 fxg3 38. Bd2 Rg8 39. Rg1 h5 40. f4 Bd4 41.
Rg2 h4 42. Be1 c5 43. hxg3 hxg3 44. Bxg3 Rxg3 45. Rxg3 Nxg3+ 46. Kg2 Ne2 47.
Kf3 Nc3 48. Rd2 Ke6 49. a4 d5 50. Rh2 Ne4 51. Rh6+ Kd7 1/2-1/2

[Event "International Tournament "]
[Site "Pool "]
[Date "2021.07.10"]
[Round "3.46"]
[White "Kanov, Nikola"]
[Black "Martic, Ivan"]
[Result "0-1"]
[WhiteElo "2140"]
[BlackElo "2314"]
[PlyCount "94"]
[EventDate "2021.07.09"]

1. e4 e6 2. d4 d5 3. e5 c5 4. c3 Nc6 5. Nf3 Bd7 6. Be2 Nge7 7. Na3 cxd4 8. cxd4
Nf5 9. Nc2 Qb6 10. O-O Na5 11. b3 Bb5 12. g4 Bxe2 13. Qxe2 Ne7 14. Ba3 Ng6 15.
Bxf8 Rxf8 16. Rac1 Rh8 17. h4 h5 18. g5 Nc6 19. Qd2 Kd7 20. b4 Rac8 21. a4 Rc7
22. Rb1 Rhc8 23. Na3 Nce7 24. Rb3 Rc4 25. a5 Qd8 26. Nxc4 dxc4 27. Rbb1 Nd5 28.
Qc2 Ke8 29. Rbc1 Kf8 30. Qe4 Qe7 31. b5 Qb4 32. Rb1 Qxa5 33. Rfc1 Kg8 34. Rc2
c3 35. Rcc1 Rc4 36. Qd3 Ra4 37. Kh2 Ra2 38. Rc2 Ngf4 39. Qe4 Qa4 40. Rbc1 Rxc2
41. Rxc2 Qxb5 42. Rxc3 Nxc3 43. Qxf4 Qd3 44. g6 Qxg6 45. Ng5 Qf5 46. Qc1 Qxf2+
47. Kh3 Qg3+ 0-1

[Event "International Tournament "]
[Site "Pool "]
[Date "2021.07.10"]
[Round "3.47"]
[White "Ljepic, Andrej"]
[Black "Maryasin, Boris"]
[Result "1-0"]
[WhiteElo "2136"]
[BlackElo "2311"]
[PlyCount "79"]
[EventDate "2021.07.09"]

1. e4 c5 2. Nf3 Nc6 3. Bb5 g6 4. Bxc6 dxc6 5. d3 Bg7 6. h3 Nf6 7. Nc3 Nd7 8.
Be3 e5 9. Qd2 h6 10. O-O Qe7 11. Nh2 Nf8 12. f4 exf4 13. Bxf4 Ne6 14. Be3 Nd4
15. Nf3 Be6 16. Bxd4 cxd4 17. Ne2 O-O-O 18. a4 h5 19. Qa5 b6 20. Qa6+ Qb7 21.
Qxb7+ Kxb7 22. Ng5 Rhf8 23. Nxe6 fxe6 24. Nf4 e5 25. Nxg6 Rf6 26. Rxf6 Bxf6 27.
Rf1 Rd6 28. Rf5 h4 29. Nxe5 c5 30. Nf3 Bd8 31. Rh5 Ka6 32. Nxh4 Bxh4 33. Rxh4
Ka5 34. Rh7 a6 35. g4 Kxa4 36. g5 Rd8 37. h4 b5 38. g6 c4 39. g7 Rg8 40. h5 1-0

[Event "International Tournament "]
[Site "Pool "]
[Date "2021.07.10"]
[Round "3.48"]
[White "Heinemann, Josefine"]
[Black "Samaridis, Konstantinos"]
[Result "1/2-1/2"]
[WhiteElo "2285"]
[BlackElo "2081"]
[Annotator "Balkanchess"]
[PlyCount "70"]
[EventDate "2021.07.09"]

1. e4 e5 2. Nf3 Nc6 3. Bb5 a6 4. Ba4 Nf6 5. O-O Nxe4 6. d4 b5 7. Bb3 d5 8. dxe5
Be6 9. Qe2 Be7 10. Rd1 O-O 11. c4 bxc4 12. Bxc4 Bc5 13. Be3 Bxe3 14. Qxe3 Qb8
15. Bb3 Na5 16. Nd4 c5 17. Nxe6 fxe6 18. f3 c4 19. fxe4 cxb3 20. exd5 Nc4 21.
Qd4 bxa2 22. Qxc4 axb1=Q 23. Raxb1 Qxe5 24. dxe6 Rac8 25. Qb3 Rfe8 26. Re1 Qd4+
27. Kh1 Qc4 28. Qxc4 Rxc4 29. Re2 Rc6 30. Rbe1 Kf8 31. e7+ Kf7 32. h3 Rc7 33.
Rf1+ Kg8 34. Ra1 Rc6 35. Kg1 Kf7 {...55} 1/2-1/2

[Event "International Tournament "]
[Site "Pool "]
[Date "2021.07.10"]
[Round "3.49"]
[White "Dolgun, Can"]
[Black "Sredojevic, Ivan"]
[Result "0-1"]
[WhiteElo "2133"]
[BlackElo "2284"]
[PlyCount "118"]
[EventDate "2021.07.09"]

1. e4 d6 2. d4 Nf6 3. Nc3 e5 4. dxe5 dxe5 5. Qxd8+ Kxd8 6. Bc4 Ke8 7. f4 Bd6 8.
Nf3 Nbd7 9. g3 c6 10. a4 a5 11. Be3 Bc7 12. f5 Ke7 13. h3 Bd6 14. g4 Bb4 15.
Bd3 Re8 16. Ke2 Kf8 17. Rag1 Nc5 18. h4 h5 19. g5 Ng4 20. Bxc5+ Bxc5 21. Rg2 g6
22. fxg6 fxg6 23. Nd1 Kg7 24. Rf1 Rf8 25. Nd2 Rf4 26. Bc4 Bd7 27. Rf3 Raf8 28.
Rd3 Bc8 29. Rf3 Rxf3 30. Nxf3 Bd7 31. Nd2 b5 32. Bb3 Bc8 33. axb5 cxb5 34. Bd5
a4 35. c3 Ba6 36. b4 axb3 37. Nxb3 Bb6 38. Ke1 b4 39. c4 Rf3 40. Ra2 Rxb3 41.
Rxa6 Bd4 42. Ra8 Ne3 43. Nxe3 Rxe3+ 44. Kd1 b3 45. Rg8+ Kh7 46. Rf8 Bc5 47. Rb8
Rd3+ 48. Ke2 Rh3 49. Rb7+ Kh8 50. Rb5 b2 51. Kd2 Rh1 52. Kc2 Bd4 53. Rb8+ Kg7
54. Rb7+ Kf8 55. Rb8+ Ke7 56. Rb7+ Kd8 57. Rb8+ Kc7 58. Rb7+ Kc8 59. c5 Rc1+
0-1